<?xml version="1.0" encoding="UTF-8"?><?xml-stylesheet type="text/xsl" href="static/style.xsl"?><OAI-PMH xmlns="http://www.openarchives.org/OAI/2.0/" xmlns:xsi="http://www.w3.org/2001/XMLSchema-instance" xsi:schemaLocation="http://www.openarchives.org/OAI/2.0/ http://www.openarchives.org/OAI/2.0/OAI-PMH.xsd"><responseDate>2026-04-17T03:35:38Z</responseDate><request verb="GetRecord" identifier="oai:www.recercat.cat:11351/12678" metadataPrefix="marc">https://recercat.cat/oai/request</request><GetRecord><record><header><identifier>oai:recercat.cat:11351/12678</identifier><datestamp>2025-10-01T01:25:28Z</datestamp><setSpec>com_2072_378071</setSpec><setSpec>com_2072_378040</setSpec><setSpec>col_2072_378097</setSpec></header><metadata><record xmlns="http://www.loc.gov/MARC21/slim" xmlns:dcterms="http://purl.org/dc/terms/" xmlns:xsi="http://www.w3.org/2001/XMLSchema-instance" xmlns:doc="http://www.lyncode.com/xoai" xsi:schemaLocation="http://www.loc.gov/MARC21/slim http://www.loc.gov/standards/marcxml/schema/MARC21slim.xsd">
   <leader>00925njm 22002777a 4500</leader>
   <datafield ind2=" " ind1=" " tag="042">
      <subfield code="a">dc</subfield>
   </datafield>
   <datafield ind2=" " ind1=" " tag="720">
      <subfield code="a">Torrent Font, Carla</subfield>
      <subfield code="e">author</subfield>
   </datafield>
   <datafield ind2=" " ind1=" " tag="720">
      <subfield code="a">Fares-Otero, Natalia E.</subfield>
      <subfield code="e">author</subfield>
   </datafield>
   <datafield ind2=" " ind1=" " tag="720">
      <subfield code="a">Palacios Garrán, Roberto</subfield>
      <subfield code="e">author</subfield>
   </datafield>
   <datafield ind2=" " ind1=" " tag="720">
      <subfield code="a">Serra-Navarro, Maria</subfield>
      <subfield code="e">author</subfield>
   </datafield>
   <datafield ind2=" " ind1=" " tag="720">
      <subfield code="a">Garriga, Marina</subfield>
      <subfield code="e">author</subfield>
   </datafield>
   <datafield ind2=" " ind1=" " tag="720">
      <subfield code="a">Amoretti, Silvia</subfield>
      <subfield code="e">author</subfield>
   </datafield>
   <datafield ind2=" " ind1=" " tag="720">
      <subfield code="a">Ramos-Quiroga, Josep Antoni</subfield>
      <subfield code="e">author</subfield>
   </datafield>
   <datafield ind2=" " ind1=" " tag="260">
      <subfield code="c">2025-03-03T09:19:10Z</subfield>
   </datafield>
   <datafield ind2=" " ind1=" " tag="260">
      <subfield code="c">2025-03-03T09:19:10Z</subfield>
   </datafield>
   <datafield ind2=" " ind1=" " tag="260">
      <subfield code="c">2025-01-15</subfield>
   </datafield>
   <datafield ind2=" " ind1=" " tag="520">
      <subfield code="a">Early psychosis;  Prodromes; Sex differences</subfield>
   </datafield>
   <datafield ind2=" " ind1=" " tag="520">
      <subfield code="a">Psicosis temprana; Pródromos; Diferencias de sexo</subfield>
   </datafield>
   <datafield ind2=" " ind1=" " tag="520">
      <subfield code="a">Psicosi primerenca; Pròdroms; Diferències de sexe</subfield>
   </datafield>
   <datafield ind2=" " ind1=" " tag="520">
      <subfield code="a">Objective&#xd;
This study was aimed at identifying sex differences in patients presenting a first episode mania (FEM) or psychosis (FEP) to help shaping early treatment strategies focused on sex differences.&#xd;
Methods&#xd;
Patients with a FEM or FEP underwent a clinical, neuropsychological (neurocognitive functions and emotional intelligence) and functional assessment. Performance on those variables was compared between groups through general linear model, with sex and group (FEM vs FEP) as main effects and group by sex interactions.&#xd;
Results&#xd;
The total sample included 113 patients: FEM = 72 (45.83 % females) and FEP = 41 (46.34 % females). There were significant main effects for group (not for sex) for most of the clinical features (depressive, negative and positive symptoms) and psychosocial functioning (χ2 = 8.815, p = 0.003). As for neuropsychological performance, there were significant main effects for sex and group. Females performed better than males in verbal memory (χ2 = 9.038, p = 0.003) and obtained a higher emotional intelligence quotient (χ2 = 13.20, p &lt; 0.001). On the contrary, males obtained better results in working memory (χ2 = 7.627, p = 0.006). FEP patients significantly underperformed FEM patients in most cognitive domains. There were significant group by sex interactions for few neuropsychological variables, namely processing speed (χ2 = 4.559, p = 0.033) and verbal fluency (χ2 = 8.913, p = 0.003).&#xd;
Limitations&#xd;
Differences between sexes were evaluated, but the influence of gender was not considered. Retrospective evaluation of prodromes and substance use. No healthy control group comparator.&#xd;
Conclusion&#xd;
The main finding is the presence of significant sex effect and group by sex interaction on specific neurocognitive cognition and emotional intelligence measures. Tailored sex-based early treatment strategies might be implemented.</subfield>
   </datafield>
   <datafield ind2=" " ind1=" " tag="520">
      <subfield code="a">This work was supported by The Secretaria d’ Universitats i Recerca del Departament d'Economia i Coneixement (2021 SGR 01128; 2017-SGR-1271); the CIBER -Consorcio Centro de Investigación Biomédica en Red (CIBERSAM), Instituto de Salud Carlos III; the Centres de Recerca de Catalunya-CERCA Programme; the Spanish Ministry of Science, Innovation (CPII16/00018 to EPC, CD20/00177 to SA, PI24/00671 to SA, PI12/0091 to EV, PI15/00283 to EV, PI18/00805 to EV, PI21/00787 to EV, PI24/00432 to EV and AMA, PI18/01001 to IP, PI20/00344 to CT, PI24/00407 to CT) integrated into the Plan Nacional de I + D + I and co-financed by the ISCIII-Subdirección General de Evaluación and the Fondo Europeo de Desarrollo Regional (FEDER); the Instituto de Salud Carlos III; the “Pla estrategic de Recerca i Innovació en Salut 2016–2020” (SLT006/17/00357 to EV); the La Marató-TV3 Foundation grants 202234–30 (to EV) and 202234–32 (to SA); the Biomedicine international training research programme for excellent clinician-scientists-BITRECS project (Marie-Curie grant No 754550 and “La Caixa” Foundation LCF/PR/GN18/50310006 to NV). SA has been supported by Sara Borrell doctoral programme (CD20/00177) and M-AES mobility fellowship (MV22/00002), from the Instituto de Salud Carlos III (ISCIII), and co-funded by European Social Fund “Investing in your future”. MFF received the support of “Contratos predoctorales de formación en investigación en salud” (PFIS22) (FI22/00185) from the Instituto de Salud Carlos III (ISCIII). NEF-O thanks the support of the European Union Horizon 2020 research and innovation program (EU.3.1.3. Treating and managing disease: Grant No 945151), and DAAD (Deutscher Akademischer Austauschdienst) (ID-57681229 - Ref. No. 91629413).</subfield>
   </datafield>
   <datafield tag="653" ind2=" " ind1=" ">
      <subfield code="a">Mania</subfield>
   </datafield>
   <datafield tag="653" ind2=" " ind1=" ">
      <subfield code="a">Psicosi</subfield>
   </datafield>
   <datafield tag="653" ind2=" " ind1=" ">
      <subfield code="a">Trastorn bipolar</subfield>
   </datafield>
   <datafield tag="653" ind2=" " ind1=" ">
      <subfield code="a">Malalties - Factors sexuals</subfield>
   </datafield>
   <datafield tag="653" ind2=" " ind1=" ">
      <subfield code="a">Intel·ligència emocional</subfield>
   </datafield>
   <datafield tag="653" ind2=" " ind1=" ">
      <subfield code="a">Tests neuropsicològics</subfield>
   </datafield>
   <datafield tag="653" ind2=" " ind1=" ">
      <subfield code="a">PSYCHIATRY AND PSYCHOLOGY::Behavior and Behavior Mechanisms::Personality::Intelligence::Emotional Intelligence</subfield>
   </datafield>
   <datafield tag="653" ind2=" " ind1=" ">
      <subfield code="a">PSYCHIATRY AND PSYCHOLOGY::Mental Disorders::Bipolar and Related Disorders::Bipolar Disorder</subfield>
   </datafield>
   <datafield tag="653" ind2=" " ind1=" ">
      <subfield code="a">HEALTH CARE::Health Care Quality, Access, and Evaluation::Quality of Health Care::Epidemiologic Factors::Sex Factors</subfield>
   </datafield>
   <datafield tag="653" ind2=" " ind1=" ">
      <subfield code="a">PSYCHIATRY AND PSYCHOLOGY::Mental Disorders::Schizophrenia Spectrum and Other Psychotic Disorders::Psychotic Disorders</subfield>
   </datafield>
   <datafield tag="653" ind2=" " ind1=" ">
      <subfield code="a">PSYCHIATRY AND PSYCHOLOGY::Behavioral Disciplines and Activities::Psychological Tests::Neuropsychological Tests</subfield>
   </datafield>
   <datafield tag="653" ind2=" " ind1=" ">
      <subfield code="a">PSIQUIATRÍA Y PSICOLOGÍA::conducta y mecanismos de la conducta::personalidad::inteligencia::inteligencia emocional</subfield>
   </datafield>
   <datafield tag="653" ind2=" " ind1=" ">
      <subfield code="a">PSIQUIATRÍA Y PSICOLOGÍA::trastornos mentales::trastorno bipolar y trastornos relacionados::trastorno bipolar</subfield>
   </datafield>
   <datafield tag="653" ind2=" " ind1=" ">
      <subfield code="a">ATENCIÓN DE SALUD::calidad, acceso y evaluación de la atención sanitaria::calidad de la atención sanitaria::factores epidemiológicos::factores sexuales</subfield>
   </datafield>
   <datafield tag="653" ind2=" " ind1=" ">
      <subfield code="a">PSIQUIATRÍA Y PSICOLOGÍA::trastornos mentales::espectro de la esquizofrenia y otros trastornos psicóticos::trastornos psicóticos</subfield>
   </datafield>
   <datafield tag="653" ind2=" " ind1=" ">
      <subfield code="a">PSIQUIATRÍA Y PSICOLOGÍA::disciplinas y actividades conductuales::pruebas psicológicas::pruebas neuropsicológicas</subfield>
   </datafield>
   <datafield ind2="0" ind1="0" tag="245">
      <subfield code="a">Sex matters: Differences in prodromes, clinical and neuropsychological features in individuals with a first episode mania or psychosis</subfield>
   </datafield>
</record></metadata></record></GetRecord></OAI-PMH>